000 00937nam a2200265 a 4500
001 3040
003 MO
005 20170315152308.0
008 060131s19uu xx 00 eng d
020 _a0-7868-1408-X
050 _aTR
_bZi1 1998
100 _aZindel, Paul
245 _aReef of death /
_cPaul Zindel.
260 _aNew York :
_bHyperion Paperbacks for Children,
_c1998.
300 _a177 p. ; cm.
520 _aWhile helping a beautiful Aboriginal girl search for her people's missing treasure near the Great Barrier Reef, seventeen year-old PC finds himself fighting an evil scientist and a deadly underwater monster.
650 _aMonsters
_xFiction.
650 _aGreat Barrier Reef, Old
_xFiction.
650 _aAustralia
_xFiction.
650 _aAustralian Aborigines
_xFiction.
650 _aBuried treasure
_xFiction.
650 _aAdventures and adventurers
_xFiction.
942 _2ddc
_cBK
999 _c110858
_d110858